000
00502nam a2200181Ia 4500
008
090123s9999 xx 000 0 und d
082
_b
14084
_a
891.463/देसाई
100
_a
देसाई रणजित
245
_a
अभोगी
250
_a
1
260
_b
अजब प्रकाशन
300
_a
244
600
_a
देसाई रणजित
630
_a
अभोगी
700
_a
देसाई रणजित
730
_a
अभोगी
942
_c
BOOK
999
_c
52146
_d
52146